Countries that Use Fahrenheit - Statistics

General Stats
  • This quiz has been taken 32 times
  • The average score is 4 of 8
Answer Stats
Countries % Correct
United States
100%
Liberia
59%
Bahamas
52%
Belize
45%
Palau
41%
Marshall Islands
34%
F. S. Micronesia
24%
Cayman Islands
10%
No matching quizzes found
Score Distribution
Percent of People with Each Score
Percentile by Number Answered
Your Score History
You have not taken this quiz